000 00656nam a2200205Ii 4500
003 JO-AjNU
008 230605s9999||||xx |||||||||||||| ||und||
017 _a2005/1877
040 _aJO-AjNU
_bara
_erda
_cJO-AjNU
041 _aara
050 1 4 _aPJ7862.A578.Z35 2004
100 3 _aتأليف سماوي،جريس,
_eauthor
_924661
245 0 0 _aزلة أخرى للحكمة
264 3 1 _aالقاهرة: المكتب المصري للمطبوعات، 2005
300 _a174ص
336 _atext
_btxt
_2rdacontent
337 _aunmediated
_bn
_2rdamedia
338 _avolume
_bnc
_2rdacarrier
650 4 _aالشعر العربي - الأردن
_924662
999 _aA9119
_c12687
_d12687